| 000 | 00503nam a2200157Ia 4500 | ||
|---|---|---|---|
| 008 | 230907s9999||||xx |||||||||||||| ||und|| | ||
| 082 |
_a621.31 _bALI |
||
| 100 |
_aWaleed Ali (00000278076) _9116678 |
||
| 245 | 0 | _aHierarchical Control of Microgrid Using IoT and Machine Learning based Islanding Detection / | |
| 260 |
_aUSPCAS-E, NUST, _bIslamabad : _c2022 |
||
| 300 | _aix, 54 p. | ||
| 520 | _aTH-348 | ||
| 650 | _aMS-EEP Thesis MS Thesis | ||
| 700 |
_aDr Abasin Ulasyar _9117719 |
||
| 942 |
_cTHE _2ddc |
||
| 999 |
_c602026 _d602026 |
||